Data mining: concepts and techniques
Salvato in:
| Autori principali: | , , |
|---|---|
| Natura: | Libro |
| Lingua: | inglese |
| Pubblicazione: |
Amsterdam
Elsevier, Inc.
2012
|
| Edizione: | 3a. ed |
| Soggetti: | |
| Tags: |
Aggiungi Tag
Nessun Tag, puoi essere il primo ad aggiungerne!!
|
MARC
| LEADER | 00000cam a2200000 a 4500 | ||
|---|---|---|---|
| 001 | UCF7155 | ||
| 003 | CL-VaPUC | ||
| 008 | 130613e20120000NE |||||||||||||||||eng|d | ||
| 020 | |a 9780123814791 | ||
| 082 | 0 | 4 | |a 006.312 |b HAN |2 21 |
| 100 | |a Han, Jiawei |e author |9 569140 | ||
| 700 | 0 | |a Kamber, Micheline |e author |9 569141 | |
| 700 | 0 | |a Pei, Jian |e author |9 569142 | |
| 245 | 1 | 0 | |a Data mining: concepts and techniques |
| 250 | |a 3a. ed | ||
| 300 | |a 703 p | ||
| 942 | |c BK | ||
| 945 | |d 20130613 00:00:00 |a dcastane | ||
| 260 | |a Amsterdam |b Elsevier, Inc. |c 2012 | ||
| 650 | 0 | |a Data mining (Minería de datos) |9 493858 | |
| 650 | 7 | |a MINERIA DE DATOS |2 CL-VaPUC |9 569143 | |
| 583 | |a last modification |c 20130613 14:21:00 |k Rodrigo Vera | ||
| 999 | |c 352074 |d 352072 | ||
| 952 | |0 0 |1 0 |4 0 |6 006_312000000000000_HAN_2012 |7 0 |8 A |9 456604 |a BIBING |b BIBING |d 2019-11-22 |i 4978676 |o 006.312 HAN 2012 |p 4978676 |r 2025-01-20 |w 2019-11-22 |y BK |k EII | ||